00350nam a2200133Ia 4500008004100000020001500041041001200056082001600068100001800084245006500102260002500167300000800192650001600200221030s9999 xx 000 0 und d a0071002472 aEnglish a105.23bPas aE. J. Pasahow 0aMicroprocessor Technology & Microcomputerscby E. J. Pasahow bTMHaNew Delhic1988 a401 aBE Computer